000 00643nam a2200217 a 4500
001 BRCA_6324
005 20190320205419.0
008 080811s1909----gw-#######---#000-0#ger-#
041 _ager
044 _agw
050 4 _aQA453
_b.L84 1909
100 1 _aLübsen, H. B.
_d1801-1864
_q(Heinrich Borchert)
_915864
245 1 0 _aAusfuehrliches Lehrbuch der Elementar-Geometrie
_cH. B. Lübsen.
260 _aLeipzig
_bF. Brandstetter
_c1909
300 _a2 tomos en 1 v.
_c21 cm.
500 _aK185
505 0 _aContenido: t.1. Ebene Geometrie.-- t.2. Koeperliche Geometrie.
650 1 4 _aGeometría
_915865
902 _aGFM
942 _2lcc
_cB
999 _c6010
_d6010